| 000 | 00452nam a2200145 a 4500 | ||
|---|---|---|---|
| 005 | 20140310183149.0 | ||
| 008 | 020821s19uu xx 00 eng d | ||
| 050 |
_aQA 76.15 _b.N45 2000 |
||
| 245 | _aThe new international webster's pocket computer dictionary of the English language / | ||
| 260 |
_aUSA : _bTrident Press International, _c2001. |
||
| 300 |
_a318 p. : _c20 cm. |
||
| 650 |
_aComputer _xdictionaries |
||
| 942 |
_cBK _2lcc |
||
| 999 |
_c19625 _d19625 |
||